00518nam a2200193 a 4500001001300000003000900013005001700022008004100039020002200080082001300102100001700115245005900132260002600191300000900217500003500226505002400261650002200285700001700307nice12345678IN_TiNIC20260116012257.0050524s1986 usaa grp 000 0 eng  a0849943 c1000a253bHAG aHaggai, John aLead Onb Leadership: That Endures in a Changing World aUSAbWord Book c1986 a208p aincludes index and biblioraphy2 aIndex, Bibliography aPastoral Theology1 aHaggai, John